[Event "ICS rated blitz match"]
[Site "204.178.125.65"]
[Date "1999.10.09"]
[Round "?"]
[White "StrongBach"]
[Black "Hossa"]
[Result "0-1"]
[WhiteElo "1851"]
[BlackElo "2456"]
[PlyCount "118"]
[EventDate "1999.??.??"]

1. d4 e6 2. Nc3 Nf6 3. a4 Bb4 4. Qd3 O-O 5. Bf4 d5 6. e3 c5 7. b3 Ne4 8. Nge2
Qa5 9. dxc5 Nxc3 10. Bxb8 Nxa4+ 11. c3 Nxc5 12. Qb1 Bxc3+ 13. Nxc3 Qxc3+ 14.
Ke2 Rxb8 15. Rxa7 Nxb3 16. g3 Qc5 17. Qxb3 Qxa7 18. Kf3 Ra8 19. Be2 Qc5 20. Rf1
e5 21. Kg2 Qd6 22. Rd1 Rd8 23. Bf3 Ra5 24. Kg1 b6 25. Bg2 Rc5 26. Qd3 Bg4 27.
Ra1 Rdc8 28. Qd2 Rb5 29. Qd3 Qd7 30. Bf1 Rbc5 31. Qb3 Qe6 32. Ra6 R5c6 33. Ra4
Rc1 34. Qb2 Bh3 35. Ra1 Rxa1 36. Qxa1 Bxf1 37. Qxf1 Rc2 38. Qa6 Qc6 39. g4 d4
40. Qf1 Rc1 41. exd4 Qc4 42. Qxc1 Qxc1+ 43. Kg2 exd4 44. h3 Qc3 45. h4 Kf8 46.
h5 Ke7 47. f3 Kd6 48. f4 Qe3 49. h6 Kd5 50. hxg7 Qe4+ 51. Kg1 Qg6 52. g8=Q Qxg8
53. g5 Ke4 54. Kf2 Kxf4 55. Ke2 Ke4 56. Kd2 Qxg5+ 57. Ke2 Qg2+ 58. Ke1 Kd3 59.
Kd1 59... Qf1# {StrongBach checkmated} 0-1

[Event "ICS rated blitz match"]
[Site "204.178.125.65"]
[Date "1999.09.01"]
[Round "?"]
[White "Sundancekid"]
[Black "Hossa"]
[Result "0-1"]
[WhiteElo "2264"]
[BlackElo "2525"]
[PlyCount "38"]
[EventDate "1999.??.??"]

1. e4 e5 2. Nf3 Nc6 3. Bb5 Bc5 4. c3 Nge7 5. O-O f5 6. d4 fxe4 7. Nxe5 Nxe5 8.
dxe5 O-O 9. Qe2 d5 10. exd6 cxd6 11. Qxe4 d5 12. Qh4 a6 13. Ba4 b5 14. Bb3 a5
15. a4 bxa4 16. Rxa4 Ba6 17. c4 Qb6 18. Nd2 Rxf2 19. Rxf2 19... Rf8 {
Sundancekid resigns} 0-1

[Event "ICS rated blitz match"]
[Site "204.178.125.65"]
[Date "1999.09.11"]
[Round "?"]
[White "Superluppi"]
[Black "Hossa"]
[Result "1-0"]
[WhiteElo "2269"]
[BlackElo "2485"]
[PlyCount "113"]
[EventDate "1999.??.??"]

1. d4 d5 2. c4 e6 3. Nc3 c5 4. cxd5 exd5 5. Nf3 cxd4 6. Nxd4 Bc5 7. Nb3 Bb4 8.
Qd4 Bxc3+ 9. Qxc3 f6 10. Bf4 Nc6 11. e3 Nge7 12. Rc1 O-O 13. Bb5 a6 14. Be2 Ng6
15. Bg3 f5 16. Bf3 f4 17. exf4 Re8+ 18. Kf1 Rf8 19. Qd2 Nce7 20. Re1 a5 21. h4
a4 22. Nd4 Nc6 23. h5 Nge7 24. Bh4 Re8 25. Nxc6 bxc6 26. Bxe7 Rxe7 27. Bxd5+
Kh8 28. Rxe7 Qxe7 29. Bxc6 Ba6+ 30. Kg1 Rd8 31. Qc1 Rc8 32. Rh3 Qc7 33. Rc3 a3
34. b4 h6 35. Rc5 Qd6 36. Bf3 Rxc5 37. bxc5 Qd3 38. c6 Bc8 39. Qc5 Be6 40. c7
Kh7 41. Kh2 Bc8 42. Qe7 Bf5 43. c8=Q Bxc8 44. Be4+ Bf5 45. Bxd3 Bxd3 46. Qxa3
Bc4 47. Qd6 Bxa2 48. f5 Bf7 49. g4 Bb3 50. f4 Bf7 51. Qf8 Bb3 52. Kg3 Bd1 53.
Kh4 Bb3 54. g5 hxg5+ 55. fxg5 Bf7 56. g6+ Kh6 57. Qh8# {Hossa checkmated} 1-0

[Event "ICS rated blitz match"]
[Site "204.178.125.65"]
[Date "1999.09.17"]
[Round "?"]
[White "TDChess"]
[Black "Hossa"]
[Result "0-1"]
[WhiteElo "2506"]
[BlackElo "2403"]
[Annotator "Fritz 5.32 (20s)"]
[PlyCount "72"]
[EventDate "1999.??.??"]

1. e4 1... c5 {Opening = B54 - 4.Nd4(Nf6 5.f3 e5 6.---)} 2. Nf3 Nc6 3. Nc3 d6
4. d4 cxd4 5. Nxd4 a6 6. Nxc6 (6. g3 g6 7. Bg2 Bg7 8. Be3 Ne5 9. O-O Nc4 10.
Bc1 Qb6 11. Nd5 Qxd4 12. Nc7+ Kd8 13. Qxd4 Bxd4 14. Nxa8 Nf6 15. c3 Ba7 16. a4
{- Adams,M-Kovalev,A/Tilburg 1992/CBM 32 (16)}) 6... bxc6 7. Be2 7... e6 $146 {
Ueberdeckt d5} (7... g6 8. O-O Bg7 9. Be3 Nf6 10. f4 O-O 11. Kh1 Qc7 12. Bf3
Rb8 13. Rb1 Rd8 14. Qe1 c5 15. Qg3 Be6 16. f5 Bc4 17. Rfd1 Nd7 18. a3 Bxc3 19.
bxc3 Rxb1 20. Rxb1 Rb8 21. Re1 Qa5 22. Bg5 {
Bazaj Bockai,S-Zilic,A/Porec 1998/EXT 99/ - (75)}) 8. O-O d5 9. Qd4 Nf6 10. Bg5
10... Be7 {Schwarz hat Entwicklungsnachteil.} 11. Qa4 Bb7 12. Qb3 Ra7 13. exd5
13... Nxd5 {Weiss entwickelt Drohungen in der offenen d-Linie} 14. Bxe7 Nxe7
15. Rfd1 Qc7 16. Ne4 O-O 17. Qe3 Raa8 18. Nc5 {Der Springer ist gut postiert}
18... Nd5 19. Qa3 {Wird der Isolani fallen?} 19... Rfd8 20. Rd4 ({
Schlechter scheint} 20. Nxa6 20... Qc8 $17) ({Nicht} 20. Bxa6 20... Bxa6 21.
Nxa6 21... Qb6 $17) 20... a5 21. Rad1 e5 22. Ra4 $14 (22. R4d2 $5 22... Nf4 23.
Bf3 Rxd2 24. Rxd2 $16) 22... Nf4 23. Rxd8+ 23... Rxd8 {
Schwarz geht zum Angriff ueber} 24. Bd3 24... Qe7 $16 (24... Bc8 $5 $14) 25.
Nxb7 Qxb7 26. Rxa5 26... e4 $18 (26... Nxd3 27. cxd3 e4 28. Ra7 exd3 29. Rxb7
$16) 27. Ra7 $4 $19 {gibt den Vorteil aus der Hand} (27. Bf1 $18 $142) 27...
exd3 $1 {ist die Ueberraschung!} 28. Rxb7 (28. cxd3 Re8 29. h3 29... Qb8 $19)
28... dxc2 {Mit der Mattdrohung c1Q} 29. h4 {
Wenn Weiss nun zu Kh2 kommt, geht es ihm besser} 29... c1=Q+ 30. Kh2 30... Ne2
{Es droht Matt} 31. Qf3 Qg1+ 32. Kh3 Qh1+ 33. Kg4 Rd4+ 34. Kf5 34... Qh2 $1 {
nun ist alles klar. Mit der Mattdrohung Rd5} 35. Qe4 (35. Rxf7 {
macht keinen grossen Unterschied} 35... g6+ 36. Kf6 Rd6+ 37. Kg5 h6+ 38. Kg4
Rd4+ 39. Rf4 Rxf4+ 40. Qxf4 Qxf4+ 41. Kh3 Ng1#) 35... g6+ 36. Kf6 (36. Kg5 {
kann das Vorangegangene nicht ungeschehen machen} 36... Rxe4 37. Rb8+ Qxb8 38.
g3 Qe5+ 39. Kh6 Qh5#) 36... Rxe4 (36... Rxe4 37. g3 Qxf2+ 38. Kg5 Qxg3+ 39. Kf6
Qxh4#) 0-1

[Event "ICS rated blitz match"]
[Site "204.178.125.65"]
[Date "1999.09.27"]
[Round "?"]
[White "TDChess"]
[Black "Hossa"]
[Result "1-0"]
[WhiteElo "2488"]
[BlackElo "2480"]
[PlyCount "141"]
[EventDate "1999.??.??"]

1. e4 c5 2. Nf3 Nc6 3. Nc3 d6 4. Bc4 e5 5. a4 Bg4 6. O-O Be7 7. Nd5 Nf6 8. Nxe7
Nxe7 9. d3 O-O 10. Bg5 Nc6 11. c3 Be6 12. Bxe6 fxe6 13. b4 cxb4 14. cxb4 Rc8
15. Rc1 Qe7 16. Qb3 Kh8 17. Qb2 a6 18. b5 axb5 19. axb5 Nb8 20. Qb4 Qd7 21. Nd2
Rxc1 22. Rxc1 Ne8 23. Nc4 Kg8 24. Be3 Rf7 25. Qa5 Qe7 26. Qa7 Qd8 27. Bb6 Qc8
28. Qa3 Qd7 29. Qa8 Qc8 30. Rc2 Nf6 31. Qa2 Qd7 32. Qa3 Ne8 33. Qa5 Qe7 34. Qa8
Nd7 35. Qxb7 Rf8 36. Be3 Qf7 37. Qa6 d5 38. Nb2 Nef6 39. f3 dxe4 40. dxe4 Nxe4
41. Nc4 Qf5 42. Na3 Nef6 43. Rd2 e4 44. Rf2 e5 45. b6 exf3 46. Qc4+ Kh8 47.
Rxf3 Qh5 48. b7 e4 49. Rf1 Qe8 50. Nb5 Qb8 51. Qc7 Qxc7 52. Nxc7 Kg8 53. Rd1
Kf7 54. Ba7 Nb8 55. Bxb8 Rxb8 56. Rb1 Nd7 57. Na6 Rd8 58. Kf2 Ke6 59. Rc1 Rf8+
60. Ke3 Ke5 61. Rc8 Rf7 62. Nc5 Nb8 63. Rxb8 Kd5 64. Rd8+ Kxc5 65. b8=Q Rf6 66.
Qc7+ Rc6 67. Qa5+ Kc4 68. Rd4+ Kb3 69. Rb4+ Kc2 70. Qa2+ Kc1 71. Qb1# {
Hossa checkmated} 1-0

[Event "ICS rated blitz match"]
[Site "204.178.125.65"]
[Date "1999.10.19"]
[Round "?"]
[White "THEDEVIL"]
[Black "Hossa"]
[Result "0-1"]
[WhiteElo "2326"]
[BlackElo "2474"]
[PlyCount "114"]
[EventDate "1999.??.??"]

1. d4 d5 2. Nf3 Nf6 3. g3 c5 4. Bg2 cxd4 5. Nxd4 e5 6. Nf3 Nc6 7. O-O Bc5 8. c3
O-O 9. b4 Bd6 10. Bg5 Be6 11. Nbd2 a5 12. b5 Na7 13. a4 Qc7 14. Qc2 Rac8 15.
Rac1 Ba3 16. Bxf6 gxf6 17. Nh4 Bxc1 18. Rxc1 Rfd8 19. Qd3 Qe7 20. Rf1 Qa3 21.
Qe3 Qxc3 22. Qh6 Qc2 23. Ndf3 e4 24. Nd4 Qc5 25. Ndf5 Bxf5 26. Nxf5 Qf8 27.
Qxf6 h5 28. Bh3 Kh7 29. Ne7 Qg7 30. Qf5+ Kh6 31. Qf4+ Qg5 32. Qxf7 Rf8 33. Qe6+
Rf6 34. Nf5+ Qxf5 35. Bxf5 Rxe6 36. Bxe6 Rc4 37. Bxd5 Rxa4 38. b6 Nc8 39. Rb1
Nd6 40. Kg2 Rd4 41. Bxb7 Nxb7 42. Rc1 Rd6 43. Rc7 Rxb6 44. Re7 Nd6 45. Re5 a4
46. Ra5 Rb2 47. Ra6 Rd2 48. Rxa4 Rxe2 49. Ra6 Rd2 50. Kf1 Kg5 51. Kg2 e3 52.
Ra5+ Kg6 53. Kf3 Nc4 54. Ke4 Nxa5 55. Kxe3 Nc4+ 56. Kf3 Rc2 57. Ke4 57... Rxf2
{THEDEVIL resigns} 0-1

[Event "ICS rated blitz match"]
[Site "204.178.125.65"]
[Date "1999.10.17"]
[Round "?"]
[White "Talmoves"]
[Black "Hossa"]
[Result "1-0"]
[WhiteElo "2563"]
[BlackElo "2565"]
[PlyCount "179"]
[EventDate "1999.??.??"]

1. e4 Nf6 2. e5 Nd5 3. d4 d6 4. c4 Nb6 5. f4 dxe5 6. fxe5 Nc6 7. Be3 f6 8. e6
Bxe6 9. d5 Bxd5 10. cxd5 Nxd5 11. Qh5+ g6 12. Qh3 Ncb4 13. Na3 Nxe3 14. Qxe3 e5
15. Bc4 Nd5 16. Qb3 Bxa3 17. bxa3 Nb6 18. Rd1 Qe7 19. Nh3 Nxc4 20. Qxc4 c6 21.
O-O Rc8 22. Rfe1 Rd8 23. Rxd8+ Kxd8 24. Nf2 Kc8 25. Rc1 Rd8 26. Qa4 Kb8 27. Qb3
Ka8 28. Re1 f5 29. Qb4 Qc7 30. Kf1 e4 31. Rb1 b6 32. Qc3 c5 33. g3 h5 34. Qf6
Rd6 35. Qh8+ Kb7 36. Qc3 Rd4 37. Ke1 a6 38. Qb3 c4 39. Qc3 Qc5 40. a4 Kc6 41.
Ke2 Kc7 42. Rd1 Rxd1 43. Nxd1 Qc6 44. Ne3 b5 45. Qe5+ Kb7 46. Qg7+ Kb6 47. Qd4+
Ka5 48. axb5 Kxb5 49. Qe5+ Ka4 50. Qc3 Qc5 51. Nxc4 Kb5 52. Qb3+ Kc6 53. Qa4+
Kb7 54. Qd7+ Kb8 55. Qe8+ Ka7 56. Qf7+ Ka8 57. Qe6 Ka7 58. Kf1 Qb5 59. Kf2 Qc5+
60. Kg2 g5 61. Qd7+ Ka8 62. Nd6 Qc2+ 63. Kh3 g4+ 64. Kh4 Qxh2+ 65. Kg5 Qb2 66.
Kxf5 Kb8 67. Qc8+ Ka7 68. Qc7+ Ka8 69. Nc4 Qb7 70. Nb6+ Ka7 71. Nc8+ Ka8 72.
Qxb7+ Kxb7 73. Nd6+ Kc6 74. Nxe4 Kb5 75. Kg5 Kb4 76. Kxh5 Ka3 77. Kxg4 Kxa2 78.
Kf5 a5 79. Nc5 Kb2 80. g4 Kc3 81. g5 Kb4 82. g6 Kb5 83. g7 Kb6 84. g8=Q Kb5 85.
Qd5 Kb6 86. Ke5 Kb5 87. Kd4 a4 88. Qb7+ Ka5 89. Kc4 a3 90. Qa6# {
Hossa checkmated} 1-0

[Event "ICS rated blitz match"]
[Site "204.178.125.65"]
[Date "1999.08.28"]
[Round "?"]
[White "Talmoves"]
[Black "Hossa"]
[Result "1-0"]
[WhiteElo "2571"]
[BlackElo "2488"]
[PlyCount "86"]
[EventDate "1999.??.??"]

1. Nf3 Nf6 2. g3 g6 3. c4 Bg7 4. d4 O-O 5. Bg2 c5 6. O-O cxd4 7. Nxd4 Nc6 8.
Nc3 Nxd4 9. Qxd4 d6 10. Qd3 Ng4 11. b3 Ne5 12. Qc2 Nc6 13. Bb2 Bg4 14. Nd5 Nd4
15. Qd2 Nxe2+ 16. Kh1 e6 17. Bxg7 Kxg7 18. Ne3 Qg5 19. f3 Nxg3+ 20. hxg3 Qh5+
21. Kg1 Bh3 22. Bxh3 Qxh3 23. Qxd6 Rad8 24. Qe5+ f6 25. Qc7+ Kh8 26. Rfd1 Rc8
27. Qf4 e5 28. Qg4 Qh6 29. Qe4 b5 30. cxb5 Rb8 31. Rd7 Rxb5 32. Rxa7 Rfb8 33.
Nc4 Kg8 34. Rd1 Qh3 35. Ne3 Qxg3+ 36. Ng2 Kh8 37. Qc6 Qxf3 38. Qxf3 f5 39. Rdd7
Rc5 40. Qb7 Rc1+ 41. Kh2 Rh1+ 42. Kxh1 Rxb7 43. Ra8+ 43... Rb8 {Hossa resigns}
1-0

[Event "ICS rated blitz match"]
[Site "204.178.125.65"]
[Date "1999.08.31"]
[Round "?"]
[White "Talmoves"]
[Black "Hossa"]
[Result "1-0"]
[WhiteElo "2531"]
[BlackElo "2537"]
[PlyCount "73"]
[EventDate "1999.??.??"]

1. c4 Nf6 2. Nf3 e6 3. d4 Be7 4. Nc3 O-O 5. Bg5 d5 6. e3 Nc6 7. Rc1 Re8 8. Bd3
Nb4 9. O-O Nxd3 10. Qxd3 h6 11. Bxf6 Bxf6 12. cxd5 exd5 13. Ne5 Bxe5 14. dxe5
Rxe5 15. Qd4 Rg5 16. Ne4 Rg6 17. Ng3 Ra6 18. a3 Rc6 19. Rxc6 bxc6 20. Rc1 Bd7
21. Kh1 Qg5 22. b4 a5 23. b5 cxb5 24. Rxc7 Qg6 25. h3 Qb1+ 26. Kh2 Be6 27. e4
g6 28. exd5 Rd8 29. Ne4 Rc8 30. Nf6+ Kf8 31. Qc5+ Kg7 32. dxe6 Rxc7 33. Qxc7
Kxf6 34. exf7 Qb4 35. axb4 Ke6 36. f8=Q axb4 37. Qcd6# {Hossa checkmated} 1-0

[Event "ICS rated blitz match"]
[Site "204.178.125.65"]
[Date "1999.08.28"]
[Round "?"]
[White "Talmoves"]
[Black "Hossa"]
[Result "1-0"]
[WhiteElo "2485"]
[BlackElo "2514"]
[PlyCount "106"]
[EventDate "1999.??.??"]

1. e4 c5 2. Nf3 e6 3. d4 cxd4 4. Nxd4 Nf6 5. Nc3 d5 6. Bb5+ Bd7 7. exd5 Bxb5 8.
Ndxb5 a6 9. Nd4 Nxd5 10. Nxd5 Qxd5 11. O-O Qd8 12. Be3 Nd7 13. Qf3 Rb8 14. Bf4
e5 15. Rfe1 f6 16. Qh5+ g6 17. Qh3 Qb6 18. Ne6 Bc5 19. Nxc5 Nxc5 20. Bxe5 fxe5
21. Rxe5+ Kf7 22. Qf3+ Qf6 23. Qd5+ Ne6 24. Qd7+ Kg8 25. Qxe6+ Qxe6 26. Rxe6
Kf7 27. Rae1 Rhe8 28. Rxe8 Rxe8 29. Rxe8 Kxe8 30. Kf1 b5 31. Ke2 Kf7 32. Kd3
Ke6 33. c4 bxc4+ 34. Kxc4 Kd6 35. Kb4 Kc6 36. Ka5 Kb7 37. f4 h5 38. g3 Ka7 39.
h3 Kb7 40. g4 Kc7 41. Kxa6 hxg4 42. hxg4 Kd6 43. b4 Ke7 44. b5 Kd8 45. b6 Kd7
46. b7 Kc7 47. Ka7 Kc6 48. b8=Q Kd7 49. Qb5+ Ke7 50. Qe5+ Kf7 51. Kb8 g5 52. f5
Kf8 53. Qc7 53... Ke8 {Hossa resigns} 1-0

[Event "ICS rated blitz match"]
[Site "204.178.125.65"]
[Date "1999.08.28"]
[Round "?"]
[White "Talmoves"]
[Black "Hossa"]
[Result "0-1"]
[WhiteElo "2562"]
[BlackElo "2497"]
[PlyCount "118"]
[EventDate "1999.??.??"]

1. Nf3 Nf6 2. g3 g6 3. c4 Bg7 4. d4 O-O 5. Bg2 c5 6. O-O cxd4 7. Nxd4 Nc6 8.
Nc3 Nxd4 9. Qxd4 d6 10. Qd3 Ng4 11. b3 Ne5 12. Qc2 Nc6 13. Bb2 Bg4 14. Nd5 Nd4
15. Qd2 e5 16. Rfe1 Qd7 17. Rad1 Bh3 18. Qg5 Bxg2 19. Kxg2 f6 20. Qh4 Nc2 21.
Rg1 f5 22. Rgf1 Rae8 23. Rd2 Nd4 24. Rfd1 b5 25. e3 Ne6 26. cxb5 Rf7 27. b6
axb6 28. Qb4 b5 29. Rc2 f4 30. Kh1 fxe3 31. fxe3 Ref8 32. Rg1 Rf2 33. Qc3 e4
34. Rxf2 Rxf2 35. Qa5 Bxb2 36. a4 Qf7 37. Nf4 Nxf4 38. gxf4 Qxb3 39. Qd8+ Kg7
40. axb5 Qe6 41. b6 Bf6 42. Qc7+ Kh6 43. Rg3 Qe7 44. Rg2 Rf1+ 45. Rg1 Rxg1+ 46.
Kxg1 Qe6 47. b7 Qg4+ 48. Kf1 Qd1+ 49. Kg2 Qe2+ 50. Kg1 Qxe3+ 51. Kf1 Qd3+ 52.
Kf2 Bh4+ 53. Kg2 Qf3+ 54. Kg1 Qd1+ 55. Kg2 Qe2+ 56. Kh3 Qf3+ 57. Kxh4 Qxf4+ 58.
Kh3 Qf3+ 59. Kh4 59... g5# {Talmoves checkmated} 0-1

[Event "ICS rated blitz match"]
[Site "204.178.125.65"]
[Date "1999.09.24"]
[Round "?"]
[White "Talmoves"]
[Black "Hossa"]
[Result "1-0"]
[WhiteElo "2570"]
[BlackElo "2431"]
[PlyCount "81"]
[EventDate "1999.??.??"]

1. c4 c6 2. e4 d5 3. exd5 cxd5 4. d4 Nf6 5. Nc3 Nc6 6. Nf3 Bg4 7. cxd5 Nxd5 8.
Qb3 Bxf3 9. gxf3 e6 10. Qxb7 Nxd4 11. Bb5+ Nxb5 12. Qc6+ Ke7 13. Qxb5 Kf6 14.
Ne4+ Kf5 15. Rg1 h6 16. Ng3+ Kg6 17. Qd3+ Kf6 18. Qd4+ Ke7 19. Nf5+ Kd7 20.
Qa4+ Kc8 21. Qa6+ Kc7 22. Nd4 Qb8 23. Qc4+ Kd7 24. Qa4+ Kd6 25. Kf1 Qb6 26. Bd2
Qxb2 27. Rd1 Ke5 28. Bc1 Qc3 29. Nc6+ Kd6 30. Bf4+ Kd7 31. Ne5+ Kc7 32. Rc1
Qxc1+ 33. Bxc1 a6 34. Qc6+ Kb8 35. Nd7+ Ka7 36. Bb2 e5 37. Rg6 fxg6 38. Bxe5
Bc5 39. Qxc5+ Kb7 40. Qxd5+ Kc8 41. Nb6# {Hossa checkmated} 1-0

[Event "ICS rated blitz match"]
[Site "204.178.125.65"]
[Date "1999.09.06"]
[Round "?"]
[White "Talmoves"]
[Black "Hossa"]
[Result "1/2-1/2"]
[WhiteElo "2436"]
[BlackElo "2502"]
[PlyCount "132"]
[EventDate "1999.??.??"]

1. Nf3 Nf6 2. c4 e6 3. d4 d5 4. Bg5 Bb4+ 5. Nc3 O-O 6. e3 c5 7. cxd5 exd5 8.
Be2 cxd4 9. Nxd4 Bxc3+ 10. bxc3 Nbd7 11. Qb3 Nc5 12. Qa3 Nce4 13. Bf4 Re8 14.
Nb5 Re7 15. Rd1 a6 16. f3 Bh3 17. Nd4 Bxg2 18. Rg1 Bxf3 19. Nf5 Bxe2 20. Nxe7+
Kh8 21. Kxe2 Qf8 22. Rb1 b5 23. Rb3 Qd8 24. Nf5 Nh5 25. Qe7 Nxf4+ 26. exf4 Qxe7
27. Nxe7 Re8 28. Nc6 Nc5+ 29. Kd2 Nxb3+ 30. axb3 Re4 31. Re1 f5 32. Rxe4 dxe4
33. Ke3 g6 34. Kd4 h6 35. Kd5 Kg7 36. Kd6 Kf6 37. c4 bxc4 38. bxc4 g5 39. fxg5+
hxg5 40. c5 f4 41. Ne5 e3 42. h3 Kf5 43. Nf3 Ke4 44. Nxg5+ Kf5 45. c6 Kxg5 46.
c7 e2 47. c8=Q e1=Q 48. Qg4+ Kf6 49. Qxf4+ Kg6 50. h4 Qg1 51. Qe4+ Kh6 52. Kd5
Qg8+ 53. Kd4 Qg7+ 54. Ke3 Kh5 55. Qd5+ Kxh4 56. Qh1+ Kg5 57. Qg2+ Kf6 58. Qc6+
Kg5 59. Qg2+ Kf6 60. Qb2+ Kg6 61. Qc2+ Kf6 62. Qc3+ Kf7 63. Qc4+ Ke7 64. Qc7+
Kf6 65. Qc6+ Kg5 66. Qg2+ 66... Kf6 {Game drawn by repetition} 1/2-1/2

[Event "ICS rated blitz match"]
[Site "204.178.125.65"]
[Date "1999.09.06"]
[Round "?"]
[White "Talmoves"]
[Black "Hossa"]
[Result "1-0"]
[WhiteElo "2433"]
[BlackElo "2538"]
[PlyCount "84"]
[EventDate "1999.??.??"]

1. Nf3 Nf6 2. c4 e6 3. d4 d5 4. g3 dxc4 5. Bg2 Bb4+ 6. Bd2 Be7 7. Qa4+ Nbd7 8.
Qxc4 O-O 9. Nc3 c5 10. dxc5 Nxc5 11. O-O e5 12. Bg5 Ne6 13. Rfd1 Bd7 14. Nxe5
Rc8 15. Qh4 Nxg5 16. Qxg5 Nd5 17. Qh5 Nf6 18. Qh4 Rc7 19. Nxd7 Rxd7 20. Qg5
Rxd1+ 21. Rxd1 Qb6 22. Qb5 Qc7 23. Rd4 Bc5 24. Rc4 Rc8 25. e3 Ne8 26. Nd5 Qc6
27. Ne7+ Bxe7 28. Rxc6 bxc6 29. Qb7 Rc7 30. Qa8 Kf8 31. Bxc6 Bd8 32. Ba4 Rc4
33. Bb3 Rc1+ 34. Kg2 Ke7 35. Qe4+ Kf8 36. Qd5 Rc7 37. Qxd8 Re7 38. Kf3 g5 39.
Qd4 Kg8 40. Qc5 g4+ 41. Kxg4 Rc7 42. Qe5 42... Kf8 {Hossa resigns} 1-0

[Event "ICS rated blitz match"]
[Site "204.178.125.65"]
[Date "1999.08.29"]
[Round "?"]
[White "Talmoves"]
[Black "Hossa"]
[Result "0-1"]
[WhiteElo "2515"]
[BlackElo "2469"]
[PlyCount "156"]
[EventDate "1999.??.??"]

1. e4 e5 2. Nf3 Nc6 3. Bb5 a6 4. Ba4 b5 5. Bb3 Bc5 6. c3 Nf6 7. O-O Nxe4 8. d4
exd4 9. cxd4 Be7 10. d5 Na5 11. Bc2 Nd6 12. Qe1 Nac4 13. Nc3 O-O 14. b3 Nb6 15.
Ba3 Re8 16. Qd2 Ne4 17. Nxe4 Bxa3 18. Neg5 g6 19. Qd4 Bb7 20. b4 Bxd5 21. Be4
c6 22. Rfe1 Bxe4 23. Nxe4 Nd5 24. Reb1 Qe7 25. Nc5 d6 26. Nd3 a5 27. Re1 Qc7
28. bxa5 Qxa5 29. h3 Qc3 30. Kh2 Rxe1 31. Rxe1 Qc2 32. Qe4 Qxa2 33. Kh1 Qc4 34.
Qe2 Nb4 35. Nxb4 Qxe2 36. Rxe2 Bxb4 37. Nd4 Rc8 38. Rc2 Bc5 39. Nb3 Bb6 40. Kg1
c5 41. Rd2 Rd8 42. Kf1 d5 43. Rb2 b4 44. Nd4 cxd4 45. Rxb4 Rd6 46. Ke2 Kg7 47.
Kd3 Rc6 48. Rb5 Rc3+ 49. Kd2 Bc5 50. Rb7 Kf6 51. Rd7 Ke6 52. Rb7 Bd6 53. g3 Ra3
54. Ke1 Ra2 55. f4 h5 56. Rb6 Rg2 57. Rb3 h4 58. gxh4 Bxf4 59. Rb6+ Ke5 60. Rb3
Bg3+ 61. Kf1 Rf2+ 62. Kg1 Bxh4 63. Rb4 Ke4 64. Ra4 Re2 65. Ra1 Re1+ 66. Rxe1+
Bxe1 67. Kf1 Kd3 68. Kxe1 Kc2 69. h4 d3 70. Kf1 d2 71. Kf2 d1=Q 72. Ke3 Qg4 73.
h5 d4+ 74. Kf2 gxh5 75. Ke1 Qg1+ 76. Ke2 Qg2+ 77. Ke1 Kd3 78. Kd1 78... Qf1# {
Talmoves checkmated} 0-1

[Event "ICS rated blitz match"]
[Site "204.178.125.65"]
[Date "1999.09.06"]
[Round "?"]
[White "Talmoves"]
[Black "Hossa"]
[Result "1/2-1/2"]
[WhiteElo "2476"]
[BlackElo "2463"]
[PlyCount "150"]
[EventDate "1999.??.??"]

1. Nf3 Nf6 2. c4 e6 3. d4 d5 4. Nc3 c6 5. cxd5 exd5 6. Bg5 Be7 7. Qc2 Na6 8. a3
Nc7 9. e3 Nh5 10. h4 f6 11. Bd3 fxg5 12. hxg5 Ng3 13. fxg3 Bd6 14. Ne2 Be6 15.
Bg6+ Kd7 16. Bxh7 Kc8 17. O-O-O Re8 18. Bg6 Re7 19. Nf4 Bd7 20. Rde1 Qf8 21.
Rh7 Bg4 22. Reh1 Kd7 23. R7h4 Be6 24. Ne5+ Bxe5 25. dxe5 Qd8 26. Qc5 Ne8 27.
Rh8 Qc7 28. Qb4 Rd8 29. Nxe6 Rxe6 30. Bf5 Qxe5 31. Qf4 Qd6 32. Qxd6+ Kxd6 33.
Bxe6 Kxe6 34. R1h7 Kf7 35. Kd2 Rd7 36. g4 Nd6 37. Kc2 Kg6 38. Rh3 Kxg5 39. R3h4
Nc4 40. R8h5+ Kg6 41. g3 Nxe3+ 42. Kd3 Nxg4 43. Rh8 Ne5+ 44. Kc2 d4 45. Re4 d3+
46. Kd2 Nf3+ 47. Kd1 Rf7 48. Rg4+ Ng5 49. Kd2 Rf3 50. Rd4 Rxg3 51. Rxd3 Ne4+
52. Ke2 Rxd3 53. Kxd3 Nd6 54. Rd8 Nf7 55. Ra8 a6 56. Rc8 Kf6 57. Rc7 Nd8 58. b4
b6 59. a4 g5 60. Ra7 a5 61. bxa5 bxa5 62. Rxa5 Ne6 63. Kc4 g4 64. Rh5 g3 65.
Rh3 g2 66. Rg3 Kf5 67. Rxg2 Kf6 68. Re2 Nc7 69. Kc5 Na6+ 70. Kxc6 Nb4+ 71. Kb7
Nd3 72. Rc2 Kg7 73. a5 Kg6 74. a6 Kg5 75. a7 75... Kf6 {
Talmoves ran out of time and Hossa has no material to mate} 1/2-1/2

[Event "ICS rated blitz match"]
[Site "204.178.125.65"]
[Date "1999.08.29"]
[Round "?"]
[White "Talmoves"]
[Black "Hossa"]
[Result "1-0"]
[WhiteElo "2466"]
[BlackElo "2488"]
[PlyCount "110"]
[EventDate "1999.??.??"]

1. Nf3 Nf6 2. g3 g6 3. Bg2 Bg7 4. c4 O-O 5. O-O c5 6. Nc3 Ng4 7. h3 Nf6 8. d4
cxd4 9. Nxd4 Nc6 10. Be3 Ne5 11. b3 Nc6 12. Qd2 Nxd4 13. Bxd4 Re8 14. g4 d6 15.
g5 e5 16. Be3 Nh5 17. Nb5 Re6 18. Rad1 Bf8 19. Nxa7 Nf4 20. Bxf4 Rxa7 21. Be3
b6 22. c5 bxc5 23. Bxc5 Ra6 24. a4 Bg7 25. Rc1 Re8 26. Rfd1 Bf8 27. Be3 Be7 28.
h4 Qd7 29. Qb4 Rf8 30. Qb8 Qe6 31. Rc7 d5 32. Rxd5 Bd6 33. Bc5 Bxc7 34. Qxc7
Rc6 35. Qxe5 Rxc5 36. Rxc5 Qxb3 37. Qa1 Bg4 38. e3 Rd8 39. Rc1 Rd2 40. Bf3 Qe6
41. Rb1 Qc8 42. Bg2 Qd8 43. a5 Be6 44. a6 Bd5 45. Bxd5 Rxd5 46. a7 Ra5 47. Qxa5
Qxa5 48. Rb8+ Kg7 49. a8=Q Qxa8 50. Rxa8 h6 51. Ra7 hxg5 52. hxg5 Kf8 53. Kg2
Kg8 54. Kf3 Kf8 55. Kf4 55... Kg7 {Hossa resigns} 1-0

[Event "ICS rated blitz match"]
[Site "204.178.125.65"]
[Date "1999.09.24"]
[Round "?"]
[White "Talmoves"]
[Black "Hossa"]
[Result "1-0"]
[WhiteElo "2570"]
[BlackElo "2421"]
[PlyCount "94"]
[EventDate "1999.??.??"]

1. c4 c5 2. Nf3 Nc6 3. d4 cxd4 4. Nxd4 g6 5. e4 Bg7 6. Be3 Nf6 7. Nc3 O-O 8.
Be2 d6 9. O-O Nxd4 10. Bxd4 b6 11. Qd2 Ba6 12. f3 Rc8 13. b3 e6 14. Rfd1 Qe7
15. Rac1 Rfd8 16. Be3 Qf8 17. Bg5 Rd7 18. Nb5 Bxb5 19. cxb5 Rxc1 20. Rxc1 d5
21. e5 Ne8 22. Qd4 f6 23. exf6 Bxf6 24. Bxf6 Qxf6 25. Qd2 e5 26. Rc8 Qe7 27. f4
e4 28. Bg4 Rd6 29. Qd4 Kf7 30. Kf1 Nf6 31. Bh3 Rd8 32. Rc6 Kg7 33. g4 Kf7 34.
g5 Ne8 35. Be6+ Qxe6 36. Rxe6 Kxe6 37. Qh8 Kf5 38. Kf2 Kxf4 39. Qf8+ Kg4 40.
h3+ Kxg5 41. Qe7+ Nf6 42. Qxd8 Kf5 43. Ke3 Ke6 44. Qc7 h6 45. Qxa7 Nd7 46. Qb7
Nf6 47. Qxb6+ 47... Kf5 {Hossa resigns} 1-0

[Event "ICS rated blitz match"]
[Site "204.178.125.65"]
[Date "1999.09.06"]
[Round "?"]
[White "Talmoves"]
[Black "Hossa"]
[Result "1/2-1/2"]
[WhiteElo "2466"]
[BlackElo "2476"]
[PlyCount "150"]
[EventDate "1999.??.??"]

1. Nf3 Nf6 2. c4 e6 3. d4 d5 4. Nc3 c6 5. cxd5 exd5 6. Bg5 Be7 7. Qc2 Na6 8. a3
Nc7 9. e3 Nh5 10. h4 f6 11. Bd3 fxg5 12. hxg5 Ng3 13. Bg6+ Kf8 14. fxg3 Bd6 15.
Ne5 Bxe5 16. dxe5 Qxg5 17. Qf2+ Ke7 18. Qf7+ Kd8 19. Rxh7 Qxe3+ 20. Ne2 Re8 21.
Qxg7 Qxe5 22. Bxe8 Qxg7 23. Rxg7 Nxe8 24. Rh7 Bd7 25. O-O-O Kc7 26. Nc3 Nd6 27.
Re1 d4 28. Na4 b6 29. Ree7 Rd8 30. g4 c5 31. b4 c4 32. Nb2 a5 33. bxa5 bxa5 34.
Na4 Kc6 35. Rh5 Nb7 36. Re4 Bc8 37. Rf4 Be6 38. Kd2 Rd5 39. Rh7 Nd8 40. Kc2 Nb7
41. Rf6 Nd8 42. Rh5 Kd6 43. Nb6 Rc5 44. Rh8 Nf7 45. Re8 Ng5 46. Kc1 c3 47. Rg6
Rb5 48. Rd8+ Kc7 49. Rxd4 Kxb6 50. Rd6+ Kb7 51. Rgxe6 Nxe6 52. Rxe6 Rb3 53. g5
Rxa3 54. g3 Ra4 55. Re5 Kb6 56. Kc2 Rc4 57. Re6+ Kb5 58. Rf6 a4 59. Rf5+ Kb4
60. g6 Rc7 61. Rf4+ Kb5 62. Rf7 Rc6 63. Rf5+ Kb4 64. Rg5 Rc8 65. Rg4+ Ka3 66.
g7 Rg8 67. Kxc3 Rc8+ 68. Kd3 Rg8 69. Kc2 Rc8+ 70. Kb1 Rb8+ 71. Kc1 Rg8 72. Kd2
Kb3 73. Kc1 Ka3 74. Kd2 Kb3 75. Kc1 75... Ka3 {Game drawn by repetition}
1/2-1/2